000 00454nam a2200169Ia 4500
008 240729s9999 xx 000 0 und d
022 _a1607-7946
245 0 _aNonlinear Processes in Geophysics
260 _aGermany
260 _bCopernicus Publications
650 _a Geophysics. Cosmic physics
650 _a Physics
650 _aScience
856 _uhttps://doaj.org/toc/8276a07bbee440ba9fe5847c5dcad716
942 _2ddc
942 _cDOAJEJ
999 _c68360
_d68360
945 _a1
_bMadushi Gamage
_c1
_dMadushi Gamage